000 00412nam a2200169Ia 4500
008 230524s9999 xx 000 0 und d
020 _a9788172234980
082 _bCOE
100 _a"Coelho, Paulo"
245 4 _aThe Alchemist
250 _a1
260 _a"Bloomsbury, London"
_bHarper Collins
_c1988
300 _ax;161p.
500 _aQuantity Number: 3
650 _aMiscellaneous
_91877
942 _cBK
999 _c52509
_d52509